[Event "Rheinhausen-ch 13th"]
[Site "Duisburg Rheinhausen"]
[Date "2009.03.27"]
[Round "7"]
[White "Rivinius, Otto"]
[Black "Jentzsch, Daniel"]
[Result "0-1"]
[WhiteElo "1863"]
[BlackElo "1960"]
[PlyCount "81"]
[EventDate "2009.01.09"]
[EventType "swiss"]
[EventRounds "7"]
[EventCountry "GER"]
[SourceTitle "EXT 2018"]
[Source "ChessBase"]
[SourceDate "2017.10.13"]
[SourceVersion "1"]
[SourceVersionDate "2017.10.13"]
[SourceQuality "1"]

1. e4 d5 2. exd5 Qxd5 3. Nc3 Qa5 4. Bc4 Nf6 5. d3 c6 6. Bd2 Qc7 7. Nge2 Bg4 8. f3 Bh5 9. 0-0 Nbd7 10. Be3 e6 11. Ne4 Nxe4 12. dxe4 Rd8 13. Qe1 b5 14. Bb3 Bc5 15. Bxc5 Nxc5 16. Qf2 Qb6 17. Nf4 Bg6 18. Rfd1 0-0 19. Kf1 e5 20. Nd3 Nxd3 21. Qxb6 axb6 22. Rxd3 Rxd3 23. cxd3 Rc8 24. Ke2 Kf8 25. Ke3 c5 26. g3 Ke7 27. f4 f6 28. f5 Bf7 29. Bxf7 Kxf7 30. a3 g5 31. Rc1 Ke7 32. h4 gxh4 33. gxh4 Rg8 34. Kf3 h5 35. Rc2 Kd6 36. b3 Rg4 37. Rh2 Rg1 38. Rg2 Rxg2 39. Kxg2 c4 40. bxc4 bxc4 41. dxc4 0-1

[Event "Rheinhausen-ch 13th"]
[Site "Duisburg Rheinhausen"]
[Date "2009.02.13"]
[Round "4"]
[White "Jentzsch, Daniel"]
[Black "Zahn, Richard"]
[Result "1/2-1/2"]
[WhiteElo "1960"]
[BlackElo "1940"]
[PlyCount "61"]
[EventDate "2009.01.09"]
[EventType "swiss"]
[EventRounds "7"]
[EventCountry "GER"]
[SourceTitle "EXT 2018"]
[Source "ChessBase"]
[SourceDate "2017.10.13"]
[SourceVersion "1"]
[SourceVersionDate "2017.10.13"]
[SourceQuality "1"]

1. Nf3 d5 2. g3 c6 3. Bg2 g6 4. 0-0 Bg7 5. d3 Nf6 6. Nbd2 0-0 7. e4 dxe4 8. dxe4 Bg4 9. h3 Bxf3 10. Qxf3 Nbd7 11. Qe2 Qc7 12. Nf3 e5 13. Rd1 Rfd8 14. Nh2 Nc5 15. Bg5 Ne6 16. Bxf6 Bxf6 17. c3 Rxd1+ 18. Rxd1 Rd8 19. h4 h5 20. Bh3 Nc5 21. Rxd8+ Qxd8 22. Bf1 Qd6 23. Nf3 a5 24. Qc2 b5 25. Kg2 Kg7 26. Be2 Be7 27. Nd2 Ne6 28. a4 b4 29. Nc4 Qc7 30. Bf3 f6 31. Qd1 1/2-1/2

[Event "Rheinhausen-ch 13th"]
[Site "Duisburg Rheinhausen"]
[Date "2009.01.16"]
[Round "2"]
[White "Jentzsch, Daniel"]
[Black "Bemba, Ralph"]
[Result "1-0"]
[WhiteElo "1960"]
[BlackElo "1692"]
[PlyCount "83"]
[EventDate "2009.01.09"]
[EventType "swiss"]
[EventRounds "7"]
[EventCountry "GER"]
[SourceTitle "EXT 2018"]
[Source "ChessBase"]
[SourceDate "2017.10.13"]
[SourceVersion "1"]
[SourceVersionDate "2017.10.13"]
[SourceQuality "1"]

1. Nf3 c5 2. g3 d5 3. Bg2 Nc6 4. 0-0 e5 5. d3 f6 6. c3 g5 7. e4 d4 8. cxd4 cxd4 9. Nxg5 fxg5 10. Qh5+ Kd7 11. Bxg5 Be7 12. f4 Bxg5 13. fxg5 Nge7 14. Na3 a6 15. Rf7 Qg8 16. Nc4 Kd8 17. Raf1 Qg6 18. Qf3 Qxg5 19. Nb6 Rb8 20. Rf8+ Rxf8 21. Qxf8+ Kc7 22. Nd5+ Kd6 23. Rf6+ Kc5 24. Nxe7 Be6 25. Nc8+ Kb5 26. Rxe6 Qe3+ 27. Qf2 Qxf2+ 28. Kxf2 Rxc8 29. Rh6 Nb4 30. Rxh7 Rc2+ 31. Kg1 b6 32. Bf1 Rxb2 33. g4 Nc2 34. g5 Ne3 35. g6 Rb1 36. Rf7 Ng4 37. g7 Nh6 38. Rf6 Ng8 39. Re6 Rc1 40. Rxe5+ Rc5 41. Rxc5+ Kxc5 42. Be2 1-0

[Event "Duesseldorf Nord Cup 8th GrD"]
[Site "Duesseldorf"]
[Date "2008.08.03"]
[Round "4"]
[White "Kahleys, Kevin"]
[Black "Jentzsch, Daniel"]
[Result "0-1"]
[WhiteElo "1885"]
[BlackElo "1952"]
[PlyCount "60"]
[EventDate "2008.08.01"]
[EventType "tourn"]
[EventRounds "5"]
[EventCountry "GER"]
[SourceTitle "EXT 2017"]
[Source "ChessBase"]
[SourceDate "2016.10.25"]
[SourceVersion "1"]
[SourceVersionDate "2016.10.25"]
[SourceQuality "1"]

1. d4 d6 2. c4 f5 3. Nc3 Nf6 4. g3 g6 5. Bg2 Bg7 6. Nh3 0-0 7. 0-0 c6 8. b3 Na6 9. Bb2 Bd7 10. Re1 Nc7 11. Qd2 h6 12. Nf4 g5 13. Nd3 Qe8 14. e4 fxe4 15. Nxe4 Qh5 16. f4 Nxe4 17. Bxe4 Rae8 18. Rf1 Ne6 19. d5 Nd4 20. Rae1 c5 21. fxg5 hxg5 22. Nc1 Bh3 23. Rxf8+ Rxf8 24. Qd3 Qf7 25. Qd1 Qf2+ 26. Kh1 Nf3 27. Bxf3 Rxf3 28. Rg1 Bxb2 29. Nd3 Rxd3 30. Qxd3 Bf5 0-1

[Event "Rheinhausen-ch 12th"]
[Site "Duisburg Rheinhausen"]
[Date "2008.02.15"]
[Round "5"]
[White "Proettel, Swen"]
[Black "Jentzsch, Daniel"]
[Result "1/2-1/2"]
[WhiteElo "2115"]
[BlackElo "1946"]
[PlyCount "61"]
[EventDate "2008.01.11"]
[EventType "swiss"]
[EventRounds "7"]
[EventCountry "GER"]
[SourceTitle "EXT 2018"]
[Source "ChessBase"]
[SourceDate "2017.10.13"]
[SourceVersion "1"]
[SourceVersionDate "2017.10.13"]
[SourceQuality "1"]

1. d4 d6 2. c4 f5 3. g3 Nf6 4. Bg2 g6 5. Nc3 Bg7 6. Nf3 0-0 7. 0-0 Qe8 8. Re1 Qf7 9. b3 Ne4 10. Bb2 Nd7 11. Rc1 Ndf6 12. d5 Nxc3 13. Bxc3 Ne4 14. Bxg7 Qxg7 15. Nd2 Nxd2 16. Qxd2 b6 17. e4 fxe4 18. Rxe4 Bf5 19. Re3 a5 20. Rce1 Rae8 21. a3 Qf6 22. b4 axb4 23. axb4 Kh8 24. f4 Bd7 25. Qc3 Qxc3 26. Rxc3 Kg7 27. c5 bxc5 28. bxc5 e6 29. cxd6 cxd6 30. Bh3 exd5 31. Rxe8 1/2-1/2

[Event "Rheinhausen-ch 12th"]
[Site "Duisburg Rheinhausen"]
[Date "2008.02.08"]
[Round "4"]
[White "Jentzsch, Daniel"]
[Black "Visser, Dirk"]
[Result "1/2-1/2"]
[WhiteElo "1946"]
[BlackElo "1992"]
[PlyCount "51"]
[EventDate "2008.01.11"]
[EventType "swiss"]
[EventRounds "7"]
[EventCountry "GER"]
[SourceTitle "EXT 2018"]
[Source "ChessBase"]
[SourceDate "2017.10.13"]
[SourceVersion "1"]
[SourceVersionDate "2017.10.13"]
[SourceQuality "1"]

1. g3 g6 2. Bg2 Bg7 3. d4 d6 4. e4 Nf6 5. Ne2 0-0 6. 0-0 Nc6 7. h3 e5 8. c3 Qe8 9. Bg5 Nd7 10. Na3 exd4 11. cxd4 h6 12. Be3 Nb6 13. Rc1 Qd8 14. Qd2 Kh7 15. Nf4 Ne7 16. d5 Bd7 17. Bd4 Bxd4 18. Qxd4 Rc8 19. Rfe1 Ng8 20. Nd3 Qf6 21. Qxf6 Nxf6 22. Rc2 Rfe8 23. f3 c5 24. b3 Re7 25. Kf2 Rce8 26. Rec1 1/2-1/2

[Event "Rheinhausen-ch 12th"]
[Site "Duisburg Rheinhausen"]
[Date "2008.01.25"]
[Round "3"]
[White "Halfmann, Peter"]
[Black "Jentzsch, Daniel"]
[Result "0-1"]
[WhiteElo "1691"]
[BlackElo "1946"]
[PlyCount "78"]
[EventDate "2008.01.11"]
[EventType "swiss"]
[EventRounds "7"]
[EventCountry "GER"]
[SourceTitle "EXT 2018"]
[Source "ChessBase"]
[SourceDate "2017.10.13"]
[SourceVersion "1"]
[SourceVersionDate "2017.10.13"]
[SourceQuality "1"]

1. d4 d6 2. e4 g6 3. f4 Bg7 4. Be3 Nf6 5. Nc3 0-0 6. Nf3 c5 7. dxc5 Qa5 8. cxd6 Nxe4 9. dxe7 Re8 10. Be2 Nxc3 11. bxc3 Qxc3+ 12. Kf2 Nc6 13. Rb1 Rxe7 14. Rb3 Qf6 15. Rd3 Be6 16. Rd6 Qc3 17. Ne5 Rae8 18. Bd2 Qc5+ 19. Be3 Qa3 20. Bc4 Nxe5 21. fxe5 Bxe5 22. Rd8 Qxe3+ 23. Kxe3 Bc7 24. Kf2 Rxd8 25. Qc1 Bb6+ 26. Kf1 Bg4 27. h3 Rd1+ 28. Qxd1 Bxd1 29. Bd3 h5 30. a4 Rc7 31. a5 Bxa5 32. Kf2 Bxc2 33. Be2 Bb6+ 34. Kf3 Rc3+ 35. Kf4 Bc7+ 36. Kg5 Kg7 37. g4 f6+ 38. Kh4 g5+ 39. Kxh5 Bg6# 0-1

[Event "Rheinhausen-ch 12th"]
[Site "Duisburg Rheinhausen"]
[Date "2008.01.18"]
[Round "2"]
[White "Jentzsch, Daniel"]
[Black "Hoffmann, Fabian"]
[Result "1-0"]
[WhiteElo "1946"]
[BlackElo "1696"]
[PlyCount "77"]
[EventDate "2008.01.11"]
[EventType "swiss"]
[EventRounds "7"]
[EventCountry "GER"]
[SourceTitle "EXT 2018"]
[Source "ChessBase"]
[SourceDate "2017.10.13"]
[SourceVersion "1"]
[SourceVersionDate "2017.10.13"]
[SourceQuality "1"]

1. Nf3 Nf6 2. g3 d5 3. Bg2 c5 4. 0-0 Nc6 5. d3 Bf5 6. Nbd2 e5 7. c3 Bd6 8. Nh4 Bg6 9. e4 d4 10. c4 Qd7 11. a3 a5 12. h3 Ne7 13. Qc2 0-0 14. Ndf3 b6 15. Nxg6 Nxg6 16. Bd2 b5 17. b3 Rfb8 18. Rfb1 Bc7 19. Qd1 Ra7 20. a4 b4 21. Nh2 Rf8 22. Qe2 Qe6 23. Rf1 Nd7 24. Rae1 Ra6 25. Qg4 f5 26. exf5 Qxf5 27. Be4 Qxg4 28. hxg4 Raf6 29. Kg2 Ne7 30. Nf3 g5 31. Bc1 Kg7 32. Re2 Bb8 33. Rh1 Rh8 34. Ree1 Ng6 35. Rh2 Bd6 36. Reh1 Be7 37. Bf5 Rd6 38. Nd2 Bf6 39. Ne4 1-0

[Event "Rheinhausen-ch 11th"]
[Site "Duisburg Rheinhausen"]
[Date "2007.03.30"]
[Round "7"]
[White "Jentzsch, Daniel"]
[Black "Rothkugel, Wolfgang"]
[Result "1-0"]
[WhiteElo "1948"]
[BlackElo "1707"]
[PlyCount "71"]
[EventDate "2007.01.12"]
[EventType "swiss"]
[EventRounds "7"]
[EventCountry "GER"]
[SourceTitle "EXT 2018"]
[Source "ChessBase"]
[SourceDate "2017.10.13"]
[SourceVersion "1"]
[SourceVersionDate "2017.10.13"]
[SourceQuality "1"]

1. e4 d5 2. exd5 Qxd5 3. Nc3 Qa5 4. Bc4 c6 5. d4 Bf5 6. Qe2 Nf6 7. Bd2 e6 8. 0-0-0 Qc7 9. Nf3 Nbd7 10. Ne5 Bd6 11. Nxd7 Nxd7 12. g4 Bg6 13. d5 cxd5 14. Nxd5 Qc6 15. Nf4 Bxc2 16. Nxe6 Ne5 17. Bb5 Nd3+ 18. Qxd3 Bxd3+ 19. Bxc6+ bxc6 20. Nxg7+ Kd7 21. Nh5 Kc7 22. Bf4 Bxf4+ 23. Nxf4 Be4 24. Rhe1 Bf3 25. Re7+ Kb6 26. Rdd7 Bxg4 27. Rb7+ Kc5 28. Nd3+ Kd5 29. Re5+ Kd6 30. Rxf7 a5 31. Rf6+ Kc7 32. Re7+ Kb6 33. Ne5 h5 34. Rxc6+ Kb5 35. Rb7+ Ka4 36. Rc4# 1-0

[Event "Rheinhausen-ch 11th"]
[Site "Duisburg Rheinhausen"]
[Date "2007.02.09"]
[Round "3"]
[White "Heinert, Eugen"]
[Black "Jentzsch, Daniel"]
[Result "1-0"]
[WhiteElo "2049"]
[BlackElo "1948"]
[PlyCount "26"]
[EventDate "2007.01.12"]
[EventType "swiss"]
[EventRounds "7"]
[EventCountry "GER"]
[SourceTitle "EXT 2018"]
[Source "ChessBase"]
[SourceDate "2017.10.13"]
[SourceVersion "1"]
[SourceVersionDate "2017.10.13"]
[SourceQuality "1"]

1. d4 Nf6 2. Nc3 d5 3. Bg5 Bf5 4. Bxf6 exf6 5. e3 Nc6 6. Bd3 Bxd3 7. cxd3 Bb4 8. Nge2 0-0 9. 0-0 Re8 10. Qb3 Bxc3 11. Nxc3 Ne7 12. Qxb7 Rb8 13. Qxa7 Rxb2 1-0

[Event "Rheinhausen-ch 11th"]
[Site "Duisburg Rheinhausen"]
[Date "2007.01.12"]
[Round "1"]
[White "Sapmaz, Gueney Alp"]
[Black "Jentzsch, Daniel"]
[Result "0-1"]
[WhiteElo "1471"]
[BlackElo "1948"]
[PlyCount "48"]
[EventDate "2007.01.12"]
[EventType "swiss"]
[EventRounds "7"]
[EventCountry "GER"]
[SourceTitle "EXT 2018"]
[Source "ChessBase"]
[SourceDate "2017.10.13"]
[SourceVersion "1"]
[SourceVersionDate "2017.10.13"]
[SourceQuality "1"]

1. e4 g6 2. d4 Bg7 3. Nc3 c6 4. Nf3 d5 5. e5 h5 6. g3 Nh6 7. Nh4 Nf5 8. Nxf5 Bxf5 9. Bd3 Bxd3 10. Qxd3 e6 11. h4 Nd7 12. Bd2 a6 13. 0-0 c5 14. f4 cxd4 15. Qxd4 Bf8 16. Kh2 Rc8 17. Rab1 Rc4 18. Qd3 b5 19. Nd1 Be7 20. Ne3 Rc6 21. c3 Nc5 22. Qe2 Ne4 23. Nd1 Bxh4 24. gxh4 Qxh4+ 0-1

[Event "Rheinhausen-ch 10th"]
[Site "Duisburg Rheinhausen"]
[Date "2006.03.31"]
[Round "7.3"]
[White "Bluemer, Timo"]
[Black "Jentzsch, Daniel"]
[Result "1-0"]
[WhiteElo "1698"]
[BlackElo "1920"]
[PlyCount "77"]
[EventDate "2006.01.06"]
[EventType "swiss"]
[EventRounds "7"]
[EventCountry "GER"]
[SourceTitle "EXT 2007"]
[Source "ChessBase"]
[SourceDate "2006.11.23"]
[SourceVersion "1"]
[SourceVersionDate "2006.11.23"]
[SourceQuality "1"]

1. e4 g6 2. d4 Bg7 3. Nf3 d6 4. Nc3 Nf6 5. Be2 0-0 6. 0-0 Bg4 7. Be3 Nc6 8. Qd2 Bxf3 9. Bxf3 e5 10. dxe5 dxe5 11. Qxd8 Rfxd8 12. Nb5 Ne8 13. c3 a6 14. Na3 Nd6 15. Bc5 Bf8 16. Bxd6 Bxd6 17. Nc2 Bc5 18. Rfd1 Kg7 19. Rxd8 Rxd8 20. Rd1 f6 21. Kf1 Kf7 22. Rxd8 Nxd8 23. Be2 b5 24. g3 Bb6 25. b3 c6 26. Bg4 a5 27. Ke2 Nb7 28. Bd7 Nd8 29. h3 h5 30. h4 Ke7 31. Bh3 Nb7 32. f3 Nd6 33. g4 Kf7 34. Ne1 c5 35. gxh5 gxh5 36. Bd7 c4 37. Bc6 Ke7 38. Nc2 cxb3 39. axb3 1-0

[Event "Rheinhausen-ch 10th"]
[Site "Duisburg Rheinhausen"]
[Date "2006.03.03"]
[Round "5.5"]
[White "Jentzsch, Daniel"]
[Black "Glende, Siegfried"]
[Result "1-0"]
[WhiteElo "1920"]
[BlackElo "1712"]
[PlyCount "57"]
[EventDate "2006.01.06"]
[EventType "swiss"]
[EventRounds "7"]
[EventCountry "GER"]
[SourceTitle "EXT 2007"]
[Source "ChessBase"]
[SourceDate "2006.11.23"]
[SourceVersion "1"]
[SourceVersionDate "2006.11.23"]
[SourceQuality "1"]

1. d4 Nf6 2. c4 g6 3. Nc3 Bg7 4. e4 d6 5. f3 0-0 6. Be3 a6 7. Bd3 Nc6 8. Nge2 e5 9. d5 Ne7 10. Qd2 Ne8 11. g4 f5 12. gxf5 gxf5 13. exf5 Nxf5 14. Bg5 Bf6 15. Rg1 Kh8 16. 0-0-0 Bxg5 17. Rxg5 b5 18. Rdg1 Bd7 19. Bxf5 Bxf5 20. Ng3 Bg6 21. Rxg6 Rf4 22. Rg4 Rxg4 23. fxg4 b4 24. Nce4 a5 25. Qh6 Qe7 26. Nf5 Qf7 27. Ng5 Qg8 28. Rg3 Qg6 29. Qf8+ 1-0

[Event "Rheinhausen-ch 10th"]
[Site "Duisburg Rheinhausen"]
[Date "2006.02.03"]
[Round "3.5"]
[White "Jentzsch, Daniel"]
[Black "Aytac, Cengiz"]
[Result "1-0"]
[WhiteElo "1920"]
[BlackElo "1559"]
[PlyCount "83"]
[EventDate "2006.01.06"]
[EventType "swiss"]
[EventRounds "7"]
[EventCountry "GER"]
[SourceTitle "EXT 2007"]
[Source "ChessBase"]
[SourceDate "2006.11.23"]
[SourceVersion "1"]
[SourceVersionDate "2006.11.23"]
[SourceQuality "1"]

1. Nf3 Nf6 2. g3 Nc6 3. Bg2 e5 4. d3 Be7 5. 0-0 0-0 6. e4 d6 7. h3 h6 8. Nbd2 Be6 9. Kh2 Nh7 10. c3 Bf6 11. b3 Ne7 12. d4 c6 13. Bb2 b5 14. Qe2 Qb6 15. Rac1 a5 16. dxe5 dxe5 17. c4 Ng6 18. Rfd1 Rfd8 19. h4 Bg4 20. c5 Qc7 21. a4 bxa4 22. bxa4 Rab8 23. Nc4 Nhf8 24. Bc3 Rxd1 25. Rxd1 Qa7 26. Bxa5 Qxc5 27. Be1 Ne6 28. Ne3 Nd4 29. Rxd4 Bxf3 30. Rc4 Bxe2 31. Rxc5 Ra8 32. a5 Bb5 33. h5 Nf8 34. Bh3 Nh7 35. Bd7 Ng5 36. Kg2 Nxe4 37. Rxb5 cxb5 38. Bc6 Rb8 39. Bxe4 b4 40. a6 b3 41. a7 Rc8 42. a8Q 1-0

[Event "Rheinhausen op"]
[Site "Duisburg"]
[Date "2005.02.25"]
[Round "5"]
[White "Bluemer, Timo"]
[Black "Jentzsch, Daniel"]
[Result "0-1"]
[WhiteElo "1600"]
[BlackElo "1833"]
[PlyCount "56"]
[EventDate "2005.01.07"]
[EventType "swiss"]
[EventRounds "7"]
[EventCountry "GER"]
[SourceTitle "EXT 2006"]
[Source "ChessBase"]
[SourceDate "2005.11.24"]
[SourceVersion "1"]
[SourceVersionDate "2005.11.24"]
[SourceQuality "1"]

1. e4 c5 2. Nf3 Nc6 3. d4 cxd4 4. Nxd4 Nf6 5. Nc3 e5 6. Ndb5 d6 7. Nd5 Nxd5 8. exd5 Nb8 9. c4 Be7 10. Bd3 0-0 11. 0-0 f5 12. f3 a6 13. Nc3 Nd7 14. Be3 Nf6 15. Qc2 f4 16. Bf2 g5 17. b4 Rf7 18. c5 g4 19. cxd6 Bxd6 20. Bh4 gxf3 21. Bxf6 Qxf6 22. Ne4 Qe7 23. gxf3 Bh3 24. Rf2 Rg7+ 25. Kh1 Kh8 26. Rg1 Rxg1+ 27. Kxg1 Rg8+ 28. Kh1 Qg7 0-1

[Event "Rheinhausen op"]
[Site "Duisburg"]
[Date "2005.01.14"]
[Round "2"]
[White "Gerken, Mark"]
[Black "Jentzsch, Daniel"]
[Result "0-1"]
[WhiteElo "1330"]
[BlackElo "1833"]
[PlyCount "56"]
[EventDate "2005.01.07"]
[EventType "swiss"]
[EventRounds "7"]
[EventCountry "GER"]
[SourceTitle "EXT 2006"]
[Source "ChessBase"]
[SourceDate "2005.11.24"]
[SourceVersion "1"]
[SourceVersionDate "2005.11.24"]
[SourceQuality "1"]

1. e4 c5 2. Nc3 Nc6 3. g3 g6 4. Bg2 Bg7 5. d3 d6 6. f4 e6 7. Nf3 Nge7 8. 0-0 Nd4 9. Be3 0-0 10. Bf2 Rb8 11. Nxd4 cxd4 12. Ne2 Nc6 13. Rb1 Qa5 14. b3 e5 15. f5 f6 16. g4 g5 17. h4 Bh6 18. a4 Bd7 19. h5 Rfc8 20. Ra1 Nb4 21. Be1 Qb6 22. Bxb4 Qxb4 23. Qb1 Qd2 24. Ra2 Qxe2 25. c3 Qe3+ 26. Kh2 Rxc3 27. Rd1 Rbc8 28. Ra1 Rc2 0-1

[Event "Duisburg Grossenbaum op"]
[Site "Duisburg"]
[Date "2004.05.30"]
[Round "5"]
[White "Steves, Dayanand"]
[Black "Jentzsch, Daniel"]
[Result "1/2-1/2"]
[WhiteElo "1986"]
[BlackElo "1643"]
[PlyCount "92"]
[EventDate "2004.05.28"]
[EventType "swiss"]
[EventRounds "7"]
[EventCountry "GER"]
[SourceTitle "EXT 2006"]
[Source "ChessBase"]
[SourceDate "2005.11.24"]
[SourceVersion "1"]
[SourceVersionDate "2005.11.24"]
[SourceQuality "1"]

1. e4 d6 2. d4 Nf6 3. Nc3 g6 4. f4 Bg7 5. Nf3 0-0 6. Be2 c5 7. d5 Nbd7 8. 0-0 a6 9. a4 b6 10. Kh1 Qc7 11. Be3 Bb7 12. h3 Rfe8 13. Nh4 e6 14. Bg1 exd5 15. exd5 Ne4 16. Nxe4 Rxe4 17. c3 Rae8 18. Bd3 R4e7 19. f5 c4 20. Bc2 Nf6 21. Bd4 g5 22. Nf3 h6 23. Nh2 Re2 24. Bxf6 Bxf6 25. Ng4 Qe7 26. Nxh6+ Kg7 27. Ng4 Bxd5 28. Qxd5 Rxc2 29. Rf2 Rxf2 30. Nxf2 Qe2 31. Ng4 Qxb2 32. Rd1 Qxc3 33. Qc6 Re1+ 34. Rxe1 Qxe1+ 35. Kh2 Be5+ 36. Nxe5 Qxe5+ 37. Kh1 c3 38. Qc8 d5 39. Qd8 d4 40. Qxg5+ Kf8 41. Qd8+ Qe8 42. Qxd4 Qe1+ 43. Kh2 Qd2 44. Qe4 c2 45. f6 Qd8 46. Qf4 Qxf6 1/2-1/2

[Event "Rheinhausen op"]
[Site "Duisburg"]
[Date "2004.03.12"]
[Round "6"]
[White "Jentzsch, Daniel"]
[Black "Preiss, Wolfgang"]
[Result "1-0"]
[WhiteElo "1612"]
[BlackElo "1583"]
[PlyCount "107"]
[EventDate "2004.01.09"]
[EventType "swiss"]
[EventRounds "7"]
[EventCountry "GER"]
[SourceTitle "EXT 2006"]
[Source "ChessBase"]
[SourceDate "2005.11.24"]
[SourceVersion "1"]
[SourceVersionDate "2005.11.24"]
[SourceQuality "1"]

1. e4 c5 2. Nf3 Nc6 3. d4 cxd4 4. Nxd4 d5 5. Bb5 dxe4 6. Nxc6 Qxd1+ 7. Kxd1 a6 8. Nxe7+ Kxe7 9. Bc4 Bg4+ 10. Ke1 Rd8 11. Nc3 b5 12. Be2 Bxe2 13. Kxe2 f5 14. Be3 Nf6 15. Rad1 Ke8 16. Rxd8+ Kxd8 17. Rd1+ Kc7 18. Bg5 Bd6 19. Bxf6 gxf6 20. Nd5+ Kc6 21. b3 Be5 22. Ne7+ Kb6 23. Nxf5 Rc8 24. Ne3 Ka5 25. c4 Kb4 26. Rd2 Ka3 27. Rc2 bxc4 28. Nxc4+ Kb4 29. Rd2 Bf4 30. Rd5 Rc5 31. Rd7 h6 32. g3 Bc1 33. Rd6 a5 34. Rxf6 a4 35. Rb6+ Kc3 36. Ne3 Bxe3 37. Kxe3 a3 38. Kxe4 Kb2 39. Rxh6 Kxa2 40. Ra6 Kxb3 41. Rxa3+ Kxa3 42. f4 Kb4 43. f5 Rc6 44. Ke5 Kc5 45. g4 Rc8 46. Ke6 Kc6 47. f6 Re8+ 48. Kf7 Kd7 49. g5 Ra8 50. g6 Kd6 51. h4 Ra7+ 52. Kg8 Ke6 53. f7 Ra8+ 54. f8Q 1-0

[Event "Rheinhausen op"]
[Site "Duisburg"]
[Date "2004.02.06"]
[Round "3"]
[White "Bormann, Tobias"]
[Black "Jentzsch, Daniel"]
[Result "0-1"]
[WhiteElo "1463"]
[BlackElo "1612"]
[PlyCount "80"]
[EventDate "2004.01.09"]
[EventType "swiss"]
[EventRounds "7"]
[EventCountry "GER"]
[SourceTitle "EXT 2006"]
[Source "ChessBase"]
[SourceDate "2005.11.24"]
[SourceVersion "1"]
[SourceVersionDate "2005.11.24"]
[SourceQuality "1"]

1. d4 Nf6 2. c4 c5 3. d5 b5 4. cxb5 a6 5. e3 g6 6. Nc3 Bg7 7. Nf3 0-0 8. Bc4 d6 9. h3 Nbd7 10. 0-0 Nb6 11. Be2 axb5 12. Bxb5 Ba6 13. Bxa6 Rxa6 14. Qd2 Qa8 15. Rd1 Rb8 16. Rb1 Na4 17. Qd3 Nxc3 18. bxc3 Rxb1 19. Qxb1 Nxd5 20. Qb3 Nxc3 21. Re1 Rxa2 22. Bd2 Ra3 23. Qc4 Qa4 24. Qxa4 Rxa4 25. Kf1 Ra2 26. Rc1 Ne4 27. Be1 d5 28. g3 e6 29. Ng1 c4 30. Ne2 Nd2+ 31. Bxd2 Rxd2 32. Ke1 Rb2 33. h4 Kf8 34. Kf1 Ke7 35. Ke1 h5 36. Kf1 Kd6 37. Ke1 f6 38. Kf1 g5 39. hxg5 fxg5 40. Ng1 e5 0-1

[Event "NRW-ch U14"]
[Site "Winterberg"]
[Date "2002.04.01"]
[Round "1"]
[White "Jentzsch, Daniel"]
[Black "Gutwoski, Andre"]
[Result "1-0"]
[WhiteElo "1418"]
[BlackElo "1659"]
[PlyCount "89"]
[EventDate "2002.04.01"]
[EventType "swiss"]
[EventRounds "7"]
[EventCountry "GER"]
[SourceTitle "EXT 2003"]
[Source "ChessBase"]
[SourceDate "2002.11.25"]
[SourceVersion "1"]
[SourceVersionDate "2002.11.25"]
[SourceQuality "1"]

1. e4 c6 2. d4 d5 3. exd5 cxd5 4. Bd3 Nc6 5. c3 Nf6 6. Nf3 Bg4 7. Bf4 e6 8. Nbd2 Bd6 9. Bxd6 Qxd6 10. 0-0 0-0 11. Re1 Rab8 12. h3 Bh5 13. Re3 b5 14. Qe1 Na5 15. b4 Nc4 16. Nxc4 dxc4 17. Bc2 Nd5 18. Re5 Bxf3 19. gxf3 Nf4 20. Kh1 f6 21. Rc5 Nxh3 22. Bxh7+ Kxh7 23. Rh5+ Kg6 24. Rxh3 Rh8 25. Qg1+ Kf7 26. Qg4 f5 27. Qg2 Qf4 28. Rd1 Qd6 29. Kg1 Rxh3 30. Qxh3 Qd5 31. f4 Qe4 32. Qe3 Qc6 33. Kf1 Rh8 34. Ke2 Qd5 35. Qe5 Qxe5+ 36. dxe5 Ke7 37. Ke3 Rh3+ 38. f3 Rh2 39. Ra1 Rc2 40. Kd4 Rf2 41. a4 Rd2+ 42. Kc5 Rd3 43. axb5 Rxc3 44. Rxa7+ Kd8 45. b6 1-0

[Event "Rheinhausen op 6th"]
[Site "Rheinhausen"]
[Date "2002.01.25"]
[Round "2"]
[White "Hamm, Siegfried"]
[Black "Jentzsch, Daniel"]
[Result "1-0"]
[WhiteElo "1817"]
[BlackElo "1591"]
[PlyCount "47"]
[EventDate "2002.03.??"]
[EventType "swiss"]
[EventRounds "5"]
[EventCountry "GER"]
[SourceTitle "EXT 2008"]
[Source "ChessBase"]
[SourceDate "2007.11.25"]
[SourceVersion "1"]
[SourceVersionDate "2007.11.25"]
[SourceQuality "1"]

1. e4 c5 2. d4 cxd4 3. c3 dxc3 4. Bc4 Nc6 5. f4 e6 6. Nf3 Bc5 7. Nxc3 Nge7 8. Ng5 0-0 9. Nxh7 Kxh7 10. Qh5+ Kg8 11. Qxc5 d5 12. Bb5 Qa5 13. Bd2 a6 14. Nxd5 Qxb5 15. Nxe7+ Nxe7 16. Qxe7 Qxb2 17. Rd1 a5 18. 0-0 Qd4+ 19. Kh1 Qxe4 20. Bc3 b5 21. Rde1 Qc6 22. Bxg7 Bb7 23. Rf3 Qc2 24. Rg3 1-0